Complete NBA All-Star Teams of the 2010s - Statistics

General Stats
  • This quiz has been taken 102 times
  • The average score is 369 of 418
Answer Stats
Year Conference Position Team Answer % Correct
2010 E F* CLE LeBron James
100%
2011 E F MIA LeBron James
100%
2012 E F MIA LeBron James
100%
2013 E F MIA LeBron James
100%
2014 E F MIA LeBron James
100%
2015 E F CLE LeBron James
100%
2016 E F CLE LeBron James
100%
2017 E F CLE LeBron James
100%
2018 E F CLE LeBron James
100%
2019 W F LAL LeBron James
100%
2020 W F LAL LeBron James
100%
2021 W F LAL LeBron James
100%
2022 W F LAL LeBron James
100%
2023 W F LAL LeBron James
100%
2024 W F LAL LeBron James
100%
2025 W F LAL (INJ) LeBron James
100%
2010 E G* MIA Dwayne Wade
97%
2011 E G MIA Dwayne Wade
97%
2012 E G MIA Dwayne Wade
97%
2013 E G MIA Dwayne Wade
97%
2014 E G MIA Dwayne Wade
97%
2015 E G MIA (INJ) Dwayne Wade
97%
2016 E G MIA Dwayne Wade
97%
2019 E G MIA (SPL) Dwayne Wade
97%
2010 W F OKC Kevin Durant
97%
2011 W F OKC Kevin Durant
97%
2012 W F OKC Kevin Durant
97%
2013 W F OKC Kevin Durant
97%
2014 W F OKC Kevin Durant
97%
2015 W F OKC Kevin Durant
97%
2016 W F OKC Kevin Durant
97%
2017 W F GSW Kevin Durant
97%
2018 W F GSW Kevin Durant
97%
2019 W F GSW Kevin Durant
97%
2021 E F BKN (INJ) Kevin Durant
97%
2022 E F BKN (INJ) Kevin Durant
97%
2023 E F PHX (BKN, INJ) Kevin Durant
97%
2024 W F PHX Kevin Durant
97%
2025 W F PHX Kevin Durant
97%
2010 E F* BOS Kevin Garnett
97%
2011 E F BOS Kevin Garnett
97%
2013 E F/C BOS Kevin Garnett
97%
2010 E F BOS Paul Pierce
97%
2011 E F BOS Paul Pierce
97%
2012 E F BOS Paul Pierce
97%
2010 W G NOH (INJ) Chris Paul
95%
2011 W G NOH Chris Paul
95%
2012 W G LAC Chris Paul
95%
2013 W G LAC Chris Paul
95%
2014 W G LAC Chris Paul
95%
2015 W G LAC Chris Paul
95%
2016 W G LAC Chris Paul
95%
2020 W G OKC Chris Paul
95%
2021 W G PHX Chris Paul
95%
2022 W G PHX Chris Paul
95%
2010 E G CHI Derrick Rose
95%
2011 E G CHI Derrick Rose
95%
2012 E G CHI Derrick Rose
95%
2017 E F MIL Giannis Antetokounmpo
95%
2018 E F MIL Giannis Antetokounmpo
95%
2019 E F MIL Giannis Antetokounmpo
95%
2020 E F MIL Giannis Antetokounmpo
95%
2021 E F MIL Giannis Antetokounmpo
95%
2022 E F MIL Giannis Antetokounmpo
95%
2023 E F MIL Giannis Antetokounmpo
95%
2024 E F MIL Giannis Antetokounmpo
95%
2025 E F MIL (INJ) Giannis Antetokounmpo
95%
2013 W G HOU James Harden
95%
2014 W G HOU James Harden
95%
2015 W G HOU James Harden
95%
2016 W G HOU James Harden
95%
2017 W G HOU James Harden
95%
2018 W G HOU James Harden
95%
2019 W G HOU James Harden
95%
2020 W G HOU James Harden
95%
2021 E G BKN James Harden
95%
2022 E G PHI (INJ) James Harden
95%
2025 W G LAC James Harden
95%
2021 E G BOS Jaylen Brown
95%
2023 E F BOS Jaylen Brown
95%
2024 E F BOS Jaylen Brown
95%
2025 E F BOS Jaylen Brown
95%
2018 E C PHI Joel Embiid
95%
2019 E C PHI Joel Embiid
95%
2020 E C PHI Joel Embiid
95%
2021 E C PHI (COVID) Joel Embiid
95%
2022 E C PHI Joel Embiid
95%
2023 E C PHI Joel Embiid
95%
2024 E C PHI (INJ) Joel Embiid
95%
2013 E G CLE Kyrie Irving
95%
2014 E G CLE Kyrie Irving
95%
2015 E G CLE Kyrie Irving
95%
2017 E G CLE Kyrie Irving
95%
2018 E G BOS Kyrie Irving
95%
2019 E G BOS Kyrie Irving
95%
2021 E G BKN Kyrie Irving
95%
2023 E G DAL (BKN) Kyrie Irving
95%
2025 W G DAL (REP) Kyrie Irving
95%
2020 W G DAL Luka Doncic
95%
2021 W G DAL Luka Doncic
95%
2022 W G DAL Luka Doncic
95%
2023 W G DAL Luka Doncic
95%
2024 W G DAL Luka Doncic
95%
2012 W C MEM Marc Gasol
95%
2015 W C MEM Marc Gasol
95%
2017 W C MEM Marc Gasol
95%
2010 W F/C LAL Pau Gasol
95%
2011 W F LAL Pau Gasol
95%
2015 E F CHI Pau Gasol
95%
2016 E F/C CHI (REP) Pau Gasol
95%
2014 W G GSW Stephen Curry
95%
2015 W G GSW Stephen Curry
95%
2016 W G GSW Stephen Curry
95%
2017 W G GSW Stephen Curry
95%
2018 W G GSW Stephen Curry
95%
2019 W G GSW Stephen Curry
95%
2021 W G GSW Stephen Curry
95%
2022 W G GSW Stephen Curry
95%
2023 W G GSW (INJ) Stephen Curry
95%
2024 W G GSW Stephen Curry
95%
2025 W G GSW Stephen Curry
95%
2014 W F/C NOP (REP) Anthony Davis
94%
2015 W F NOP (INJ) Anthony Davis
94%
2016 W F/C NOP Anthony Davis
94%
2017 W F/C NOP Anthony Davis
94%
2018 W F/C NOP Anthony Davis
94%
2019 W F NOP Anthony Davis
94%
2020 W C LAL Anthony Davis
94%
2021 W F LAL (INJ) Anthony Davis
94%
2024 W C LAL Anthony Davis
94%
2025 W C DAL (INJ) Anthony Davis
94%
2014 W G POR Damian Lillard
94%
2015 W G POR (REP) Damian Lillard
94%
2018 W G POR Damian Lillard
94%
2019 W G POR Damian Lillard
94%
2020 W G POR (INJ) Damian Lillard
94%
2021 W G POR Damian Lillard
94%
2023 W G POR Damian Lillard
94%
2024 E G MIL Damian Lillard
94%
2025 E G MIL Damian Lillard
94%
2016 W F GSW Draymond Green
94%
2017 W F GSW Draymond Green
94%
2018 W F GSW Draymond Green
94%
2022 W F GSW (INJ) Draymond Green
94%
2020 E F BOS Jayson Tatum
94%
2021 E F BOS Jayson Tatum
94%
2022 E F BOS Jayson Tatum
94%
2023 E F BOS Jayson Tatum
94%
2024 E F BOS Jayson Tatum
94%
2025 E F BOS Jayson Tatum
94%
2014 E G WAS John Wall
94%
2015 E G WAS John Wall
94%
2016 E G WAS John Wall
94%
2017 E G WAS John Wall
94%
2018 E G WAS (INJ) John Wall
94%
2018 W C MIN Karl-Anthony Towns
94%
2019 W C MIN Karl-Anthony Towns
94%
2022 W C MIN Karl-Anthony Towns
94%
2024 W F MIN Karl-Anthony Towns
94%
2025 E C NYK Karl-Anthony Towns
94%
2013 E F IND Paul George
94%
2014 E F IND Paul George
94%
2016 E F IND Paul George
94%
2017 E F IND Paul George
94%
2018 W F OKC (REP) Paul George
94%
2019 W F OKC Paul George
94%
2021 W F LAC Paul George
94%
2023 W F LAC Paul George
94%
2024 W F LAC Paul George
94%
2010 W F SAS Tim Duncan
94%
2011 W C SAS Tim Duncan
94%
2013 W F SAS Tim Duncan
94%
2015 W F SAS Tim Duncan
94%
2010 E F TOR Chris Bosh
92%
2011 E F MIA Chris Bosh
92%
2012 E F MIA Chris Bosh
92%
2013 E F/C MIA Chris Bosh
92%
2014 E F/C MIA Chris Bosh
92%
2015 E F MIA Chris Bosh
92%
2016 E F/C MIA (INJ) Chris Bosh
92%
2010 E C* ORL Dwight Howard
92%
2011 E C ORL Dwight Howard
92%
2012 E C ORL Dwight Howard
92%
2013 W C LAL Dwight Howard
92%
2014 W C HOU Dwight Howard
92%
2015 E G CHI Jimmy Butler
92%
2016 E G/F CHI (INJ) Jimmy Butler
92%
2017 E F CHI Jimmy Butler
92%
2018 W G/F MIN Jimmy Butler
92%
2020 E G MIA Jimmy Butler
92%
2022 E F MIA Jimmy Butler
92%
2015 W G GSW Klay Thompson
92%
2016 W G GSW Klay Thompson
92%
2018 W G GSW Klay Thompson
92%
2019 W G GSW Klay Thompson
92%
2010 W G LAL (INJ) Kobe Bryant
92%
2011 W G LAL Kobe Bryant
92%
2012 W G LAL Kobe Bryant
92%
2013 W G LAL Kobe Bryant
92%
2014 W G LAL (INJ) Kobe Bryant
92%
2015 W G LAL (INJ) Kobe Bryant
92%
2016 W G LAL Kobe Bryant
92%
2019 W C DEN Nikola Jokic
92%
2020 W C DEN Nikola Jokic
92%
2021 W C DEN Nikola Jokic
92%
2022 W C DEN Nikola Jokic
92%
2023 W C DEN Nikola Jokic
92%
2024 W C DEN Nikola Jokic
92%
2025 W C DEN Nikola Jokic
92%
2011 W G OKC Russell Westbrook
92%
2012 W G OKC Russell Westbrook
92%
2013 W G OKC Russell Westbrook
92%
2015 W G OKC Russell Westbrook
92%
2016 W G OKC Russell Westbrook
92%
2017 W G OKC Russell Westbrook
92%
2018 W G OKC Russell Westbrook
92%
2019 W G OKC Russell Westbrook
92%
2020 W G HOU Russell Westbrook
92%
2010 W G PHX Steve Nash
92%
2012 W G PHX Steve Nash
92%
2020 E G ATL Trae Young
92%
2022 E G ATL Trae Young
92%
2024 E G ATL (REP) Trae Young
92%
2025 E G ATL (REP) Trae Young
92%
2020 E F MIA Bam Adebayo
91%
2023 E C MIA Bam Adebayo
91%
2024 E C MIA Bam Adebayo
91%
2010 W F DEN Carmelo Anthony
91%
2011 W F DEN Carmelo Anthony
91%
2012 E F NYK Carmelo Anthony
91%
2013 E F NYK Carmelo Anthony
91%
2014 E F NYK Carmelo Anthony
91%
2015 E F NYK Carmelo Anthony
91%
2016 E F NYK Carmelo Anthony
91%
2017 E F NYK (REP) Carmelo Anthony
91%
2014 E G TOR DeMar DeRozan
91%
2016 E G TOR DeMar DeRozan
91%
2017 E G TOR DeMar DeRozan
91%
2018 E G TOR DeMar DeRozan
91%
2022 E G CHI DeMar DeRozan
91%
2023 E G CHI DeMar DeRozan
91%
2010 W G UTA Deron Williams
91%
2011 W G UTA Deron Williams
91%
2012 E G NJN Deron Williams
91%
2010 W F DAL Dirk Nowitzki
91%
2011 W F DAL Dirk Nowitzki
91%
2012 W F DAL Dirk Nowitzki
91%
2014 W F DAL Dirk Nowitzki
91%
2015 W F DAL (REP) Dirk Nowitzki
91%
2019 W F DAL (SPL) Dirk Nowitzki
91%
2022 W G MEM Ja Morant
91%
2023 W G MEM Ja Morant
91%
2022 E C CLE (REP) Jarrett Allen
91%
2016 W F SAS Kawhi Leonard
91%
2017 W F SAS Kawhi Leonard
91%
2019 E F TOR Kawhi Leonard
91%
2020 W F LAC Kawhi Leonard
91%
2021 W F LAC Kawhi Leonard
91%
2024 W F LAC Kawhi Leonard
91%
2011 E G BOS Ray Allen
91%
2020 W C UTA Rudy Gobert
91%
2021 W C UTA Rudy Gobert
91%
2022 W C UTA Rudy Gobert
91%
2023 W G OKC Shai Gilgeous-Alexander
91%
2024 W G OKC Shai Gilgeous-Alexander
91%
2025 W G OKC Shai Gilgeous-Alexander
91%
2021 E G CHI Zach LaVine
91%
2022 E G CHI Zach LaVine
91%
2021 W F NOP Zion Williamson
91%
2023 W F NOP (INJ) Zion Williamson
91%
2023 W G MIN (REP) Anthony Edwards
89%
2024 W G MIN Anthony Edwards
89%
2025 W G MIN (INJ) Anthony Edwards
89%
2018 E G WAS Bradley Beal
89%
2019 E G WAS Bradley Beal
89%
2021 E G WAS Bradley Beal
89%
2020 W G UTA Donovan Mitchell
89%
2021 W G UTA Donovan Mitchell
89%
2022 W G UTA Donovan Mitchell
89%
2023 E G CLE Donovan Mitchell
89%
2024 E G CLE Donovan Mitchell
89%
2025 E G CLE Donovan Mitchell
89%
2025 W F OKC Jalen Williams
89%
2017 E G CHA Kemba Walker
89%
2018 E G CHA Kemba Walker
89%
2019 E G CHA Kemba Walker
89%
2020 E G BOS Kemba Walker
89%
2019 E F MIL Khris Middleton
89%
2020 E F MIL Khris Middleton
89%
2022 E F MIL Khris Middleton
89%
2015 E G TOR Kyle Lowry
89%
2016 E G TOR Kyle Lowry
89%
2017 E G TOR Kyle Lowry
89%
2018 E G TOR Kyle Lowry
89%
2019 E G TOR Kyle Lowry
89%
2020 E G TOR Kyle Lowry
89%
2010 E F/C ATL Al Horford
88%
2011 E C ATL Al Horford
88%
2015 E C ATL Al Horford
88%
2016 E C/F ATL (REP) Al Horford
88%
2018 E C/F BOS Al Horford
88%
2020 W G PHX (REP) Devin Booker
88%
2021 W G PHX (INJ) Devin Booker
88%
2022 W G PHX Devin Booker
88%
2024 W G PHX Devin Booker
88%
2024 E G NYK Jalen Brunson
88%
2025 E G NYK Jalen Brunson
88%
2013 E G PHI Jrue Holiday
88%
2023 E G MIL Jrue Holiday
88%
2010 E G BOS Rajon Rondo
88%
2011 E G BOS Rajon Rondo
88%
2012 E G BOS (REP) Rajon Rondo
88%
2013 E G BOS (INJ) Rajon Rondo
88%
2023 E G IND Tyrese Haliburton
88%
2024 E G IND Tyrese Haliburton
88%
2011 W F LAC Blake Griffin
86%
2012 W F LAC Blake Griffin
86%
2013 W F LAC Blake Griffin
86%
2014 W F LAC Blake Griffin
86%
2015 W F LAC (INJ) Blake Griffin
86%
2019 E F DET Blake Griffin
86%
2022 E G CHA (REP) LaMelo Ball
86%
2020 E F TOR Pascal Siakam
86%
2023 E F TOR (REP) Pascal Siakam
86%
2025 E F IND Pascal Siakam
86%
2012 W G SAS Tony Parker
86%
2013 W G SAS Tony Parker
86%
2014 W G SAS Tony Parker
86%
2025 W C SAS Victor Wembanyama
86%
2010 E G* PHI (DNP) Allen Iverson
84%
2020 E C IND Domantas Sabonis
84%
2021 E F IND (REP) Domantas Sabonis
84%
2023 W C SAC Domantas Sabonis
84%
2023 W F MEM Jaren Jackson Jr.
84%
2025 W F MEM Jaren Jackson Jr.
84%
2013 E C CHI Joakim Noah
84%
2014 E C CHI Joakim Noah
84%
2011 W F MIN (REP) Kevin Love
84%
2012 W F MIN Kevin Love
84%
2017 E F/C CLE (INJ) Kevin Love
84%
2018 E F/C CLE (INJ) Kevin Love
84%
2025 E G MIA Tyler Herro
84%
2011 W G SAS Manu Ginóbili
83%
2015 W C SAC (REP) DeMarcus Cousins
81%
2016 W C SAC DeMarcus Cousins
81%
2017 W C SAC DeMarcus Cousins
81%
2018 W C NOP (INJ) DeMarcus Cousins
81%
2010 W G DAL (REP) Jason Kidd
81%
2012 W F POR LaMarcus Aldridge
81%
2013 W F POR LaMarcus Aldridge
81%
2014 W F POR LaMarcus Aldridge
81%
2015 W C POR LaMarcus Aldridge
81%
2016 W F/C SAS LaMarcus Aldridge
81%
2018 W F/C SAS LaMarcus Aldridge
81%
2019 W F SAS LaMarcus Aldridge
81%
2024 E G PHI Tyrese Maxey
81%
2022 E G CLE Darius Garland
80%
2025 E G CLE Darius Garland
80%
2017 W C LAC DeAndre Jordan
80%
2021 E F NYK Julius Randle
80%
2023 E F NYK Julius Randle
80%
2024 E F NYK (INJ) Julius Randle
80%
2016 E C DET Andre Drummond
78%
2018 E C DET (INJ) Andre Drummond
78%
2025 E G DET Cade Cunningham
78%
2016 E G BOS Isaiah Thomas
78%
2017 E G BOS Isaiah Thomas
78%
2022 W F GSW Andrew Wiggins
77%
2019 E G PHI Ben Simmons
77%
2020 E G PHI Ben Simmons
77%
2021 E G PHI (COVID) Ben Simmons
77%
2020 W F NOP Brandon Ingram
77%
2025 E F CLE Evan Mobley
77%
2025 W C HOU Alperen Sengun
75%
2023 W G SAC (REP) De'Aaron Fox
75%
2024 E F ORL Paolo Banchero
75%
2010 W C PHX Amar'e Stoudemire
73%
2011 E F NYK Amar'e Stoudemire
73%
2022 W G SAS (REP) Dejounte Murray
73%
2023 W F UTA Lauri Markkanen
73%
2024 E F TOR (REP) Scottie Barnes
73%
2022 E G TOR Fred VanVleet
72%
2013 E C BKN (REP) Brook Lopez
70%
2010 W F MEM Zach Randolph
70%
2013 W F MEM Zach Randolph
70%
2010 E G ATL Joe Johnson
69%
2011 E G ATL Joe Johnson
69%
2012 E G ATL (INJ) Joe Johnson
69%
2014 E G BKN Joe Johnson
69%
2019 E G BKN (REP) D'Angelo Russell
66%
2018 E F/C NYK Kristaps Porzingis
66%
2019 E C ORL Nikola Vucevic
66%
2021 E C ORL Nikola Vucevic
66%
2018 E G IND Victor Oladipo
66%
2019 E G IND (INJ) Victor Oladipo
66%
2015 E G ATL (REP) Kyle Korver
64%
2021 W G UTA (REP) Mike Conley
64%
2012 E F/G PHI Andre Iguodala
61%
2015 E G ATL Jeff Teague
61%
2014 E F ATL Paul Millsap
61%
2015 E F ATL Paul Millsap
61%
2016 E F ATL Paul Millsap
61%
2017 E F ATL Paul Millsap
61%
2011 W C HOU (INJ) Yao Ming
61%
2013 E C NYK Tyson Chandler
58%
2012 W C LAL Andrew Bynum
56%
2010 W G POR (INJ) Brandon Roy
55%
2018 E G MIA (REP) Goran Dragic
52%
2010 E C NYK (REP) David Lee
50%
2013 W F GSW David Lee
50%
2017 W F UTA Gordon Hayward
50%
2012 E C IND Roy Hibbert
48%
2014 E C IND Roy Hibbert
48%
2012 E F CHI Luol Deng
47%
2013 E F CHI Luol Deng
47%
2010 W G DEN (REP) Chauncey Billups
44%
2010 E F CHA Gerald Wallace
42%
2010 W C LAC (REP) Chris Kaman
25%
No matching quizzes found
Score Distribution
Percent of People with Each Score
Percentile by Number Answered
Your Score History
You have not taken this quiz